Akta Suruhanjaya Sekuriti, 1993 (Akta 498) & Securities Commission Act, 1993 (Act 498) : (hingga 10hb April 1993

Bibliographic Details
Corporate Author: Lembaga Penyelidikan Undang-Undang
Format: Book
Published: Kuala Lumpur : International Law Book Services , 1993
Subjects:

MARC

LEADER 00000cam a2200000 7i4500
001 0000007282
005 20021121.0
020 |a 9678905396 
040 |a INS 
090 0 0 |a KQB14.   |b S87 1993 
240 2 0 |a [Akta Suruhanjaya Sekuriti, 1993] 
245 1 0 |a Akta Suruhanjaya Sekuriti, 1993 (Akta 498) & Securities Commission Act, 1993 (Act 498) :   |b (hingga 10hb April 1993   |c disusun oleh Lembaga Penyelidikan Undang-Undang 
260 |a Kuala Lumpur :   |b International Law Book Services ,   |c 1993 
300 |a 69 ms. ;   |c 25 cm. 
650 0 0 |a Securities   |z Malaysia 
650 0 0 |a Stock-exchange   |x Law and legislation   |z Malaysia 
650 0 0 |a Suruhanjaya Sekuriti 
710 2 |a Lembaga Penyelidikan Undang-Undang 
999 |a 0000005497   |b BOOK   |c Acts   |e Default branch 
999 |a 0000007762   |b BOOK   |c Acts   |e Default branch